000 00638nam a22001695i 4500
001 166262
003 ES-MaACL
005 20260201063018.0
008 050908s1834 fr a | |||||||| ||fre d
040 _aCAM
_bspa
_cCAM
100 1 _aThiers, Adolphe,
_d1797-1877
_9173508
245 1 0 _aHistoire de la Révolution Française /
_cpar M.A. Thiers.
260 _aBruxelles :
_bJ.P. Meline libraire-éditeur,
_c1834 (
_fImprimerie d'Ad. Wahlen)
300 _a6 v. (525 p., [1] h. de lám.; 508; 502; 504; 461 p., [1] h. pleg. de mapa; 472 p.) ;
_c23 cm.
852 _aES-MaACL
_jF-7347-7352
_z-- Enc. hol.
999 _c166262
_d166262